| 000 | 00491nam a2200181Ia 4500 | ||
|---|---|---|---|
| 008 | 240925s9999 xx 000 0 und d | ||
| 020 | _a9789332574168 | ||
| 082 | _a658.3005 MON | ||
| 100 | _aMondy, R. Wayne; Martocchio, Joseph J. | ||
| 245 | 0 | _aHuman Reource Management | |
| 250 | _a14th | ||
| 260 |
_aUttar Pradesh: _bPearson Education Inc _c,2016. |
||
| 300 |
_aviii, 208p. _b0 _fOriginal |
||
| 500 | _aIncludes Index | ||
| 600 | _aManagement | ||
| 650 | _aManagement | ||
| 942 | _cBK | ||
| 999 |
_c15652 _d15652 |
||